Rencontres (notice n° 1591740)
[ vue normale ]
| 000 -LEADER | |
|---|---|
| fixed length control field | 01159cam a2200217 4500500 |
| 005 - DATE AND TIME OF LATEST TRANSACTION | |
| control field | 20251228065544.0 |
| 041 ## - LANGUAGE CODE | |
| Language code of text/sound track or separate title | fre |
| 042 ## - AUTHENTICATION CODE | |
| Authentication code | dc |
| 100 10 - MAIN ENTRY--PERSONAL NAME | |
| Personal name | Broudic, Jean-Yves |
| Relator term | author |
| 245 00 - TITLE STATEMENT | |
| Title | Rencontres |
| 260 ## - PUBLICATION, DISTRIBUTION, ETC. | |
| Date of publication, distribution, etc. | 2019.<br/> |
| 500 ## - GENERAL NOTE | |
| General note | 7 |
| 520 ## - SUMMARY, ETC. | |
| Summary, etc. | Le soin et le travail social ne sont pas des services proposés par des professionnels à des patients et usagers. La relation n’est pas à sens unique, des premiers vers les seconds. Elle est bien plus complexe parce qu’elle comporte une dimension inconsciente où du désir est en jeu. Les réunions d’analyse de pratique et de supervision sont des temps de réflexion collective sur ces enjeux, et elles ne sont pas non plus à sens unique, s’il s’agit de rencontres. |
| 690 ## - LOCAL SUBJECT ADDED ENTRY--TOPICAL TERM (OCLC, RLIN) | |
| Topical term or geographic name as entry element | conflits inconscients |
| 690 ## - LOCAL SUBJECT ADDED ENTRY--TOPICAL TERM (OCLC, RLIN) | |
| Topical term or geographic name as entry element | Relations soignants-patients |
| 690 ## - LOCAL SUBJECT ADDED ENTRY--TOPICAL TERM (OCLC, RLIN) | |
| Topical term or geographic name as entry element | relations travailleur social-usager |
| 690 ## - LOCAL SUBJECT ADDED ENTRY--TOPICAL TERM (OCLC, RLIN) | |
| Topical term or geographic name as entry element | rencontre |
| 690 ## - LOCAL SUBJECT ADDED ENTRY--TOPICAL TERM (OCLC, RLIN) | |
| Topical term or geographic name as entry element | traduction théorie-pratique |
| 786 0# - DATA SOURCE ENTRY | |
| Note | VST - Vie sociale et traitements | 142 | 2 | 2019-04-09 | p. 78-81 | 0396-8669 |
| 856 41 - ELECTRONIC LOCATION AND ACCESS | |
| Uniform Resource Identifier | <a href="https://shs.cairn.info/revue-vie-sociale-et-traitements-2019-2-page-78?lang=fr&redirect-ssocas=7080">https://shs.cairn.info/revue-vie-sociale-et-traitements-2019-2-page-78?lang=fr&redirect-ssocas=7080</a> |
Pas d'exemplaire disponible.




Réseaux sociaux